Norberto e os ovos desaparecidos (Registo nº 1913)

Detalhes MARC
000 -Etiqueta do registo
Cabeçalho 00759nam a22002651 4500
005 - Identificador da versão
Campo de controlo 20240813121919.0
010 ## - Número internacional normalizado dos livros (ISBN)
Número (ISBN) 9728723229
021 ## - Número do Depósito Legal
Código do país PT
Número 173234/01
100 ## - Dados gerais de processamento
Dados gerais de processamento 20070525d2002 bc y0pory5003 ba
102 ## - Pais de publicação ou produção
País de publicação Portugal
101 1# - Língua de publicação
Língua do texto, banda sonora, etc. Português
Língua do documento no original Francês
106 ## - Campo de dados codificados: material textual
Dados codificados do material textual r
105 ## - Campo de dados codificados: livros
Dados codificados dos livros a z 000fy
215 ## - Descrição física 
Indicação específica da natureza do documento e extensão da espécie [26] p.
Outras indicações físicas todo il.
Dimensões 24 cm
200 1# - Titulo e menção de responsabilidade
Título próprio Norberto e os ovos desaparecidos
Primeira menção de responsabilidade Stéphanie Blanchart
210 ## - Publicação, Distribuição, etc. 
Lugar da edição, distribuição, etc. Vila Nova de Gaia
Nome do editor, distribuidor, etc. Gailivro
Data da publicação, distribuição, etc. cop. 2002
304 ## - Notas relativas a título e menção de responsabilidade 
Texto da nota Tít. orig.: Norbert et les oeufs disparus
606 ## - Nome comum usado como assunto
Número de registo de entrada de autoridade 0000001
Palavra de ordem Literatura estrangeira infantil
Subdivisão de assunto Conto
675 ## - Classificação Decimal Universal (CDU)
Notação 82-34
Edição
Língua da edição por
700 #1 - Nome de autor-pessoa física (responsabilidade principal)
Número de registo de entrada de autoridade 0000502
Palavra de ordem Blanchart
Outra parte do nome não tomada para palavra de ordem Stéphanie
942 ## - Elementos de entrada adicionados (Koha)
Tipo de item no Koha Livro
Exemplares
Situação do levantamento Origin of item (home branch) (coded) Biblioteca de empréstimo Código de barras Cota Circulation type (not for loan) Tipo de documento Nota do exemplar Damaged status
  Biblioteca Escolar da Coca Maravilhas Biblioteca Escolar da Coca Maravilhas BECM5566/02 8EST BLA   Livro Sem mensagem